000 00442nam a2200157Ia 4500
008 240126s9999 xx 000 0 und d
022 _a2321-3558
041 _aEnglish
082 _aCentral Library-J5
245 0 _aJournal of Vibration Engineering and Technologies (2017 -
260 _bKrishtel eMaging Solutions Pvt Ltd.
_aChennai
440 _aNULL
650 _aMechanical
650 _aVibration,(2017,-,Mechanical
942 _cJN
999 _c282673
_d282673